00668 2200205 4500001002100000005001700021008004100038035002400079040001200103082001000115090001900125100002100144245010300165260006900268300005700337500001600394650002200410852001200432990001800444YOGYA-0213000000070820130218200117.0 ind  0010-021300000000708 aYOPDYOG a636.5 aSK 636.5 Ani A aAnik Eko Haryono aAnalisis Usaha pembibitan ayam buras kelompok wanita tani "ngudi lestari" di kabupaten Gunungkidul aYogyakarta :bfakultas Pertanian Universitas Gadjah Mada ,c2004 aXVIII , 62 , (16) lbr . :bilus . , lamp . ;c30 cm, aSkripsi UGM aTernak Ayam Buras aYOPDYOG a43173.PD/A.12